[Event "TOP 20"]
[Site "Comite Loire Echecs"]
[Date "2004.09.25"]
[Round "1.1"]
[White "Massard, Christian"]
[Black "Cizeron, Frederic"]
[Result "0-1"]
[WhiteElo "1900"]
[BlackElo "2114"]
[PlyCount "54"]
[EventDate "2004.??.??"]

1. c4 c6 2. Nc3 d5 3. cxd5 cxd5 4. d4 Nc6 5. Nf3 Nf6 6. e3 Bf5 7. a3 e6 8. Be2
Bd6 9. Bd2 O-O 10. Nb5 Bb8 11. O-O Ne4 12. Nc3 Qd6 13. Nb5 Qe7 14. Rc1 Bg4 15.
g3 Bh3 16. Re1 g5 17. Bf1 Bg4 18. Bg2 f5 19. Rc2 f4 20. gxf4 gxf4 21. h3 Bh5
22. exf4 Bxf4 23. Bxf4 Rxf4 24. Qd3 Raf8 25. Nh2 Qg7 26. Re3 Rxf2 27. Nc3 Qxg2#
0-1

[Event "TOP 20"]
[Site "Comite Loire Echecs"]
[Date "2004.09.25"]
[Round "1.2"]
[White "Valet, Godeffroy"]
[Black "Mujic, Saban"]
[Result "1-0"]
[WhiteElo "2048"]
[BlackElo "1880"]
[PlyCount "127"]
[EventDate "2004.??.??"]

1. e4 c5 2. Nf3 d6 3. d4 cxd4 4. Nxd4 Nf6 5. Nc3 a6 6. Be2 e5 7. Nb3 b5 8. O-O
Be7 9. Be3 O-O 10. Nd5 Nbd7 11. c4 b4 12. Nxb4 Bb7 13. f3 Rc8 14. Nd5 Nxd5 15.
cxd5 Nc5 16. Nxc5 dxc5 17. b3 Bd6 18. Rc1 Rc7 19. Qe1 Rc8 20. Rc4 a5 21. Ra4
Ra8 22. Bd2 Bc7 23. Qc1 Qd6 24. Be3 Bb6 25. Bb5 Rfc8 26. Rf2 Rc7 27. Rc2 f5 28.
Rac4 Rac8 29. Kh1 f4 30. Bd2 g5 31. Qe1 Ra8 32. Ra4 Rcc8 33. Bxa5 Bxa5 34. Rxa5
Qb6 35. Rxa8 Rxa8 36. Bc4 Kg7 37. Qc3 Qd6 38. h3 Kf6 39. Be2 Rc8 40. Qa5 h5 41.
Qb5 Rc7 42. Qe8 h4 43. Qh8+ Kg6 44. Bb5 Rh7 45. Qg8+ Rg7 46. Qe6+ Qxe6 47. dxe6
Rc7 48. b4 Kf6 49. Rxc5 Rxc5 50. bxc5 Kxe6 51. Kg1 Bc8 52. Kf1 Bd7 53. a4 Ke7
54. Ke2 Kd8 55. Kd3 Be6 56. Kc3 Kc7 57. Kb4 Bc8 58. a5 Be6 59. c6 g4 60. hxg4
Bxg4 61. fxg4 f3 62. gxf3 h3 63. Bf1 h2 64. Bg2 1-0

[Event "TOP 20"]
[Site "Comite Loire Echecs"]
[Date "2004.09.25"]
[Round "1.3"]
[White "Carrot, Patrick"]
[Black "Deville, Olivier"]
[Result "0-1"]
[WhiteElo "1820"]
[BlackElo "2044"]
[PlyCount "44"]
[EventDate "2004.??.??"]

1. e4 c5 2. Nf3 e6 3. d4 cxd4 4. Nxd4 Nc6 5. c4 Nf6 6. Nxc6 bxc6 7. e5 Qa5+ 8.
Bd2 Qxe5+ 9. Be2 Qxb2 10. Nc3 Qb6 11. O-O Be7 12. Bf4 O-O 13. Bf3 d5 14. Re1
Bc5 15. Qc2 Bb4 16. Rab1 Qa5 17. Rb3 dxc4 18. Re5 cxb3 19. Qxb3 Qa3 20. Qxa3
Bxa3 21. Re3 Bc5 22. Re1 Nd5 0-1

[Event "TOP 20"]
[Site "Comite Loire Echecs"]
[Date "2004.09.25"]
[Round "1.4"]
[White "Cursoux, Gerard"]
[Black "Bellon, Yves"]
[Result "1/2-1/2"]
[WhiteElo "2020"]
[BlackElo "1810"]
[PlyCount "94"]
[EventDate "2004.??.??"]

1. f4 b6 2. e4 Bb7 3. Nc3 d6 4. Bc4 g6 5. Nf3 Bg7 6. d4 e6 7. O-O Ne7 8. d5
exd5 9. Nxd5 O-O 10. f5 Nxd5 11. Bxd5 Bxd5 12. Qxd5 Nd7 13. fxg6 hxg6 14. Ng5
Ne5 15. Qb3 Qd7 16. h3 Rae8 17. Bd2 Re7 18. c3 Qc6 19. Qd1 f6 20. Nf3 Qxe4 21.
Nd4 c5 22. Qb3+ c4 23. Qb5 Qb7 24. Bf4 a6 25. Qb4 Qc7 26. Qa3 Ra8 27. Kh1 Ree8
28. b4 Nd3 29. Bg3 Qd7 30. b5 axb5 31. Qxd6 Qxd6 32. Bxd6 f5 33. Nxb5 Re2 34.
a4 Nf2+ 35. Kg1 Ne4 36. Bb4 Rd8 37. Rad1 Rdd2 38. Rxd2 Rxd2 39. a5 bxa5 40.
Bxa5 Rd5 41. Rb1 Rd3 42. Na3 Nxc3 43. Rb8+ Kh7 44. Nxc4 Bd4+ 45. Kh2 Ne4 46.
Bc7 Rd1 47. Bb6 Rb1 1/2-1/2

[Event "TOP 20"]
[Site "Comite Loire Echecs"]
[Date "2004.10.02"]
[Round "1.5"]
[White "Pupier, Terry"]
[Black "Boblin, Laurent"]
[Result "1/2-1/2"]
[WhiteElo "1810"]
[BlackElo "2010"]
[PlyCount "109"]

1. e4 c6 2. d4 d5 3. Nc3 dxe4 4. Nxe4 Nd7 5. Nf3 Ngf6 6. Bd3 Nxe4 7. Bxe4 Nf6
8. Bd3 Bg4 9. c3 Qd5 10. Be2 e6 11. Qb3 Qxb3 12. axb3 Bd6 13. b4 O-O 14. O-O
Nd5 15. g3 a6 16. Kg2 Rae8 17. Re1 Kh8 18. Ng1 Bxe2 19. Rxe2 e5 20. dxe5 Bxe5
21. Nf3 Bf6 22. Be3 Nxe3+ 23. fxe3 Re6 24. Rd1 Rfe8 25. Kf2 g5 26. Ne1 Bd8 27.
Nc2 Bb6 28. Rd7 R8e7 29. Rxe7 Rxe7 30. Rd2 g4 31. c4 Kg7 32. c5 Bc7 33. Nd4 Kf6
34. Ke2 Rd7 35. Kd3 Rd5 36. e4 Rd7 37. Rf2+ Kg6 38. Ke3 Be5 39. Rd2 Bf6 40. Nf5
Rxd2 41. Kxd2 Bxb2 42. Nd6 Bd4 43. Nxb7 Bg1 44. Ke2 h5 45. Kf1 Bxh2 46. Kg2
Bxg3 47. Kxg3 Kg5 48. Nd8 h4+ 49. Kg2 Kf4 50. Nxc6 h3+ 51. Kh2 Kxe4 52. Nb8 Kf3
53. Nc6 Ke4 54. Nb8 Kf3 55. Nc6 1/2-1/2

[Event "TOP 20"]
[Site "Comite Loire Echecs"]
[Date "2004.09.25"]
[Round "1.6"]
[White "Clement, Paul"]
[Black "Bruel, Bruno"]
[Result "0-1"]
[WhiteElo "2001"]
[BlackElo "1800"]
[PlyCount "90"]
[EventDate "2004.??.??"]

1. Nf3 Nf6 2. g3 d5 3. Bg2 Nbd7 4. d3 e5 5. O-O Bd6 6. e4 dxe4 7. dxe4 O-O 8.
Qe2 Nb6 9. b3 Qe7 10. Bb2 Bd7 11. c4 Bc6 12. Nc3 a5 13. a4 Nbd7 14. Nh4 g6 15.
Rad1 Nc5 16. Qc2 Ne6 17. Nd5 Bxd5 18. exd5 Nc5 19. Rfe1 Rae8 20. f4 Nfd7 21.
fxe5 Nxe5 22. Bxe5 Bxe5 23. Nf3 Qd6 24. Nxe5 Rxe5 25. Qc3 Rfe8 26. Rxe5 Qxe5
27. Qxa5 Qe3+ 28. Kh1 Nd3 29. h4 Nf2+ 30. Kh2 Nxd1 31. Qxc7 Qe7 32. Qb6 Ne3 33.
d6 Qd7 34. Bxb7 Rb8 35. Qxe3 Qxb7 36. c5 Qc6 37. Qd3 Re8 38. Qc4 Re5 39. b4 Qe8
40. a5 Re2+ 41. Kh3 Qd7+ 42. Qg4 Rh2+ 43. Kxh2 Qxg4 44. c6 Qe2+ 45. Kg1 Qe1+
0-1

[Event "TOP 20"]
[Site "Comite Loire Echecs"]
[Date "2004.09.25"]
[Round "1.7"]
[White "Barnes, Pierrick"]
[Black "Garon, Pierre"]
[Result "1-0"]
[WhiteElo "1780"]
[BlackElo "1974"]
[PlyCount "83"]
[EventDate "2004.??.??"]

1. d4 d5 2. Bf4 Nf6 3. e3 g6 4. Nf3 Bg7 5. c4 c6 6. Nc3 O-O 7. h3 Re8 8. Bd3 e6
9. O-O Nbd7 10. Qb3 dxc4 11. Bxc4 Qe7 12. Rad1 b6 13. Rfe1 Bb7 14. e4 b5 15.
Bd3 a6 16. Bb1 Bf8 17. Ne5 Nxe5 18. Bxe5 Rac8 19. Bxf6 Qxf6 20. e5 Qd8 21. Ne4
Be7 22. Qe3 Qb6 23. Qh6 Qd8 24. Re3 c5 25. h4 Bxe4 26. Bxe4 Bf8 27. Qf4 Rc7 28.
d5 exd5 29. Bxd5 Qe7 30. e6 f6 31. Bc6 Rd8 32. Bd7 Ra7 33. Rd5 Bg7 34. Qd6 Bf8
35. Qb6 Raa8 36. Qc7 c4 37. h5 f5 38. hxg6 hxg6 39. Rg3 Qf6 40. Qf4 Kh7 41.
Rh3+ Kg7 42. Qh6+ 1-0

[Event "TOP 20"]
[Site "Comite Loire Echecs"]
[Date "2004.09.25"]
[Round "1.8"]
[White "Graillon, David"]
[Black "Doran, Niall"]
[Result "1-0"]
[WhiteElo "1965"]
[BlackElo "1750"]
[PlyCount "51"]
[EventDate "2004.??.??"]

1. e4 e6 2. Qe2 c5 3. f4 b6 4. Nf3 Qc7 5. Nc3 Ba6 6. d3 Be7 7. g4 Nc6 8. Be3
Nd4 9. Nxd4 cxd4 10. Bxd4 Bh4+ 11. Bf2 Bxf2+ 12. Qxf2 Ne7 13. Bg2 Rc8 14. O-O
O-O 15. f5 exf5 16. gxf5 f6 17. Kh1 Qd6 18. a3 Rc7 19. Rac1 Rfc8 20. Rfe1 Rxc3
21. bxc3 Rxc3 22. Qd2 Qd4 23. e5 fxe5 24. Be4 d5 25. Qg5 Nc6 26. f6 1-0

[Event "TOP 20"]
[Site "Comite Loire Echecs"]
[Date "2004.09.25"]
[Round "1.9"]
[White "Minchilli, Franco"]
[Black "Bednar, Emile"]
[Result "0-1"]
[WhiteElo "1710"]
[BlackElo "1930"]
[PlyCount "135"]
[EventDate "2004.??.??"]

1. d4 Nf6 2. c4 c5 3. Nf3 g6 4. Nc3 Bg7 5. Bg5 O-O 6. e4 cxd4 7. Nxd4 Qa5 8.
Bd2 Qb6 9. Be3 a6 10. Rb1 Qc7 11. Be2 Nc6 12. O-O e6 13. Qd2 Re8 14. f4 e5 15.
Nxc6 Qxc6 16. fxe5 Nxe4 17. Nxe4 Qxe4 18. Bf3 Qxe5 19. Bf4 Qd4+ 20. Qxd4 Bxd4+
21. Kh1 Be5 22. Bd5 Bxf4 23. Rxf4 Re5 24. Bxf7+ Kg7 25. Rbf1 d6 26. Bd5 Rf5 27.
g4 Rxf4 28. Rxf4 g5 29. Rf7+ Kg6 30. Rf8 Kg7 31. Re8 Kf6 32. Be6 Bxe6 33. Rxa8
Bxc4 34. b3 Be2 35. h3 d5 36. Kg2 Bb5 37. Kf2 Ke5 38. Ke3 d4+ 39. Kd2 Bf1 40.
Rh8 Bxh3 41. Rxh7 Bg2 42. Rf7 Be4 43. a4 Ke6 44. Rf8 Ke5 45. b4 Ke6 46. Rf1 Ke5
47. a5 Ke6 48. Ke2 Bc2 49. Re1 Kd5 50. Kd2 Be4 51. Rc1 Ke5 52. Rc5+ Kf4 53. Rc4
Kxg4 54. Rxd4 Kf5 55. Ke3 Bc6 56. Rd2 g4 57. Rc2 g3 58. Rc4 Ke5 59. Rc5+ Kd6
60. Kd4 Ke6 61. Rc1 Kf5 62. Ke3 Kg4 63. Rg1 Kh3 64. Kf4 g2 65. Ke3 Kg3 66. Re1
Bb5 67. Rc1 Bf1 68. Rc3 0-1

[Event "TOP 20"]
[Site "Comite Loire Echecs"]
[Date "2004.09.25"]
[Round "1.10"]
[White "Poncet, Alain"]
[Black "Desassis, Jean-Francois"]
[Result "1-0"]
[WhiteElo "1930"]
[BlackElo "1560"]
[PlyCount "41"]
[EventDate "2004.??.??"]

1. d4 g6 2. c4 Bg7 3. Nc3 Nf6 4. Bf4 O-O 5. e3 d6 6. Bd3 Nh5 7. Bg3 Nd7 8. Nge2
Nxg3 9. hxg3 c5 10. Rc1 b6 11. Nf4 Bb7 12. Rxh7 Nf6 13. Rh2 Re8 14. d5 Qd7 15.
Ne4 Ng4 16. Rh4 Bxb2 17. Rxg4 Bxc1 18. Nxg6 fxg6 19. Rxg6+ Kf7 20. Ng5+ Kf8 21.
Qf3+ 1-0

[Event "TOP 20"]
[Site "Comite Loire Echecs"]
[Date "2004.10.16"]
[Round "2.1"]
[White "Cizeron, Frederic"]
[Black "Graillon, David"]
[Result "1-0"]
[WhiteElo "2114"]
[BlackElo "1965"]
[PlyCount "103"]
[EventDate "2004.??.??"]

1. d4 g6 2. Nf3 Bg7 3. c4 d6 4. g3 b6 5. Bg2 Bb7 6. b3 Nd7 7. Bb2 e6 8. O-O Ne7
9. Nbd2 O-O 10. e4 e5 11. Qc2 h6 12. dxe5 Nxe5 13. Nd4 N7c6 14. f4 Nb4 15. Qd1
Ned3 16. Bc3 Nc6 17. Nxc6 Bxc6 18. Bxg7 Kxg7 19. Qc2 Nc5 20. b4 Ne6 21. Qc3+
Kh7 22. Nb3 Qe7 23. Rad1 Rad8 24. Rd2 Ba8 25. Re1 f6 26. e5 dxe5 27. Bxa8 Rxa8
28. fxe5 f5 29. Red1 Rad8 30. Nd4 Nxd4 31. Rxd4 Rxd4 32. Qxd4 Re8 33. c5 Kg8
34. Re1 Rd8 35. Qc4+ Kf8 36. cxb6 cxb6 37. Qc6 Kg7 38. Re2 Rd7 39. e6 Rc7 40.
Qd5 Kh7 41. Qe5 Rc8 42. Rd2 Rd8 43. Rxd8 Qxd8 44. e7 Qe8 45. Kf2 Kg8 46. Qe6+
Kg7 47. a4 Kh7 48. Ke3 a5 49. b5 Kg7 50. Kd4 Kh7 51. Kd5 Qa8+ 52. Qc6 1-0

[Event "TOP 20"]
[Site "Comite Loire Echecs"]
[Date "2004.10.16"]
[Round "2.2"]
[White "Bednar, Emile"]
[Black "Valet, Godeffroy"]
[Result "0-1"]
[WhiteElo "1900"]
[BlackElo "2048"]
[PlyCount "112"]
[EventDate "2004.??.??"]

1. d4 e6 2. Nf3 Nf6 3. c4 Bb4+ 4. Bd2 Bxd2+ 5. Nbxd2 Nc6 6. e3 d6 7. Be2 e5 8.
dxe5 dxe5 9. O-O O-O 10. Qc2 Qe7 11. Rfe1 Rd8 12. Ne4 Bf5 13. Nxf6+ Qxf6 14. e4
Bg4 15. Qc3 Bxf3 16. Bxf3 Nd4 17. Re3 Rd6 18. c5 Rd7 19. Bg4 Rdd8 20. Rae1 Qa6
21. a3 Qa4 22. Bd1 Qd7 23. Rg3 b6 24. cxb6 cxb6 25. Qe3 Qd6 26. Qg5 Ne6 27. Qg4
Qd2 28. Rf1 Rd3 29. Rxd3 Qxd3 30. Qf3 Rd8 31. Qxd3 Rxd3 32. f3 Rd2 33. b4 Nf4
34. Bb3 Rxg2+ 35. Kh1 Rb2 36. Bc4 Rc2 37. Bd5 g6 38. b5 Rc5 39. Bc6 Rc3 40. a4
Ra3 41. Kg1 Rxa4 42. Kf2 Ra2+ 43. Kg1 Ne2+ 44. Kf2 Nd4+ 45. Kg3 Rb2 46. Ra1
Nxb5 47. Bxb5 Rxb5 48. Rxa7 Rb2 49. h4 Kg7 50. Rb7 b5 51. Kg4 b4 52. h5 b3 53.
hxg6 Kxg6 54. f4 Rb1 55. Rb6+ Kg7 56. fxe5 b2 0-1

[Event "TOP 20"]
[Site "Comite Loire Echecs"]
[Date "2004.10.16"]
[Round "2.3"]
[White "Deville, Olivier"]
[Black "Barnes, Pierrick"]
[Result "1-0"]
[WhiteElo "2044"]
[BlackElo "1830"]
[PlyCount "145"]
[EventDate "2004.??.??"]

1. Nf3 Nf6 2. c4 e6 3. g3 b6 4. Bg2 Bb7 5. O-O Be7 6. Re1 O-O 7. b3 c5 8. Bb2
Qc8 9. d3 Rd8 10. Qc2 d6 11. e4 Ne8 12. d4 Nd7 13. Nbd2 cxd4 14. Nxd4 Bf6 15.
Rad1 a6 16. Rc1 Ne5 17. b4 Nc6 18. Nxc6 Qxc6 19. Nb3 Bxb2 20. Qxb2 e5 21. c5
Qb5 22. a3 f6 23. cxb6 Qxb6 24. Na5 Rab8 25. Qb3+ Kf8 26. Nxb7 Qxb7 27. Bh3 a5
28. Rb1 axb4 29. axb4 Nc7 30. Qc4 Qb6 31. b5 Qc5 32. Bf1 Qxc4 33. Bxc4 Rb6 34.
Re3 Rdb8 35. g4 h6 36. h4 Ke7 37. Rg3 Ne6 38. Ra1 R6b7 39. Bd5 Rc7 40. Bxe6
Kxe6 41. Rb3 Rcb7 42. Rab1 Rc8 43. Kg2 Rc4 44. Kf3 d5 45. exd5+ Kxd5 46. Rd3+
Kc5 47. Rd8 Rf4+ 48. Kg3 Rd4 49. Rc8+ Kd5 50. b6 Kd6 51. Rd8+ Ke6 52. Rc8 Rd6
53. Rc7 Rd7 54. Rxb7 Rxb7 55. Kf3 g6 56. h5 gxh5 57. gxh5 Kf5 58. Ke3 Ke6 59.
f4 Kd6 60. Ke4 Ke6 61. fxe5 fxe5 62. Rb2 Kd6 63. Kf5 e4 64. Kxe4 Ke6 65. Rb5
Ke7 66. Ke5 Kf7 67. Kd6 Kf6 68. Kc6 Re7 69. b7 Re6+ 70. Kc7 Re7+ 71. Kb6 Re8
72. Ka7 Re7 73. Ka8 1-0

[Event "TOP 20"]
[Site "Comite Loire Echecs"]
[Date "2004.10.16"]
[Round "2.5"]
[White "Boblin, Laurent"]
[Black "Cursoux, Gerard"]
[Result "0-1"]
[WhiteElo "2040"]
[BlackElo "2020"]
[PlyCount "64"]
[EventDate "2004.??.??"]

1. e4 c5 2. c3 d5 3. exd5 Qxd5 4. d4 Nc6 5. Nf3 cxd4 6. cxd4 e5 7. dxe5 Qxd1+
8. Kxd1 Bg4 9. Be2 Bxf3 10. Bxf3 O-O-O+ 11. Nd2 Nxe5 12. Kc2 Nf6 13. Be4 Bb4
14. Bf5+ Kb8 15. Nb3 Nc6 16. Bf4+ Ka8 17. Rad1 Rhe8 18. Rxd8+ Rxd8 19. a3 Be7
20. Re1 a5 21. Bc7 Rd5 22. Bd3 a4 23. Na5 Nd4+ 24. Kb1 Bc5 25. Nc4 Ne6 26. Be4
Nxe4 27. Rxe4 Nxc7 28. Ne5 Rd4 29. Re2 f6 30. Nf3 Rd7 31. Rc2 Rd1+ 32. Ka2 Na6
0-1

[Event "TOP 20"]
[Site "Comite Loire Echecs"]
[Date "2004.10.16"]
[Round "2.6"]
[White "Bellon, Yves"]
[Black "Pupier, Terry"]
[Result "1/2-1/2"]
[WhiteElo "1920"]
[BlackElo "1930"]
[PlyCount "81"]
[EventDate "2004.??.??"]

1. c4 g6 2. Nc3 Bg7 3. d4 Nf6 4. e4 d6 5. f4 O-O 6. Nf3 c5 7. d5 e6 8. Be2 exd5
9. cxd5 Re8 10. e5 dxe5 11. fxe5 Ng4 12. Bg5 Qa5 13. Qd2 Nxe5 14. O-O f5 15.
Rfe1 Bd7 16. Nxe5 Bxe5 17. Bf3 Qc7 18. g3 Qd6 19. Re2 Na6 20. Rae1 Nc7 21. Kg2
Bxc3 22. bxc3 Bb5 23. Re7 Rxe7 24. Bxe7 Qd7 25. d6 Bc6 26. Bxc6 Qxc6+ 27. Kg1
Qd7 28. Qd1 Nb5 29. Qb3+ Kg7 30. Bg5 Re8 31. Rxe8 Qxe8 32. Be7 Nxd6 33. Qe6 Ne4
34. g4 Qf7 35. Qe5+ Kg8 36. Qb8+ Kg7 37. Qe5+ Kh6 38. h4 b6 39. Qf4+ Kg7 40.
Qe5+ Kh6 41. Qf4+ 1/2-1/2

[Event "TOP 20"]
[Site "Comite Loire Echecs"]
[Date "2004.10.16"]
[Round "2.8"]
[White "Garon, Pierre"]
[Black "Massard, Christian"]
[Result "1-0"]
[WhiteElo "1974"]
[BlackElo "1770"]
[PlyCount "111"]
[EventDate "2004.??.??"]

1. d4 Nf6 2. Nf3 g6 3. e3 Bg7 4. Be2 d5 5. b4 O-O 6. a4 a5 7. b5 Nbd7 8. Ba3
Ne4 9. c4 dxc4 10. Bxc4 Nb6 11. Bd3 Nd6 12. Nbd2 Bg4 13. Qc2 Nd5 14. O-O Rc8
15. Rab1 Re8 16. Ne5 Bd7 17. Ndc4 Nxc4 18. Bxc4 Be6 19. Nd3 Bf5 20. Qb3 Bxd3
21. Qxd3 e6 22. Rfc1 Bf8 23. Bxf8 Kxf8 24. Bxd5 exd5 25. Rc5 b6 26. Rc6 Re6 27.
Rbc1 Qe7 28. Qb3 Rxc6 29. Rxc6 Qb4 30. Qd1 Qe7 31. Qc2 Qa3 32. g3 Re8 33. Rxc7
Kg7 34. Rd7 Rxe3 35. fxe3 Qxe3+ 36. Qf2 Qe6 37. Rc7 Kf8 38. Rc6 Qe4 39. Qd2
Qb1+ 40. Kf2 Kg7 41. Rxb6 Qh1 42. Qd3 Qxh2+ 43. Ke1 Qg1+ 44. Kd2 Qf2+ 45. Kd1
Qg1+ 46. Kc2 Qa1 47. Kb3 Qe1 48. Qc3 Qe4 49. Ra6 Qb1+ 50. Ka3 Qe4 51. Rxa5 Qe7+
52. Kb3 Qe4 53. Ra7 Qe2 54. Rc7 Qe6 55. a5 Qd6 56. Ka4 1-0

[Event "TOP 20"]
[Site "Comite Loire Echecs"]
[Date "2004.10.16"]
[Round "2.9"]
[White "Mujic, Saban"]
[Black "Minchilli, Franco"]
[Result "1-0"]
[WhiteElo "1880"]
[BlackElo "1680"]
[PlyCount "94"]
[EventDate "2004.??.??"]

1. Nf3 Nf6 2. c4 g6 3. d4 d5 4. Bg5 Bg7 5. e3 O-O 6. Nc3 Be6 7. cxd5 Nxd5 8.
Rc1 Nxc3 9. Rxc3 c6 10. a3 Nd7 11. Bf4 Nf6 12. Be5 Ne4 13. Rd3 Bc4 14. Bxg7
Kxg7 15. Qc2 Bxd3 16. Bxd3 Nd6 17. O-O e6 18. h4 h5 19. g3 Qe8 20. Ne5 f5 21.
Kg2 Nf7 22. Nf3 Qd7 23. Qc3 Kh6 24. Rc1 Rg8 25. Qd2 Kh7 26. Qc2 Kh8 27. Qc3 Rg7
28. Bc4 Qe7 29. Rh1 Re8 30. Kf1 Nd6 31. Bd3 Qf6 32. Qc2 Rf8 33. Ke2 Ne4 34. Rh2
Rc7 35. b4 b6 36. Bxe4 fxe4 37. Qxe4 Qf5 38. Ng5 Qxe4 39. Nxe4 a5 40. Rh1 axb4
41. axb4 Ra7 42. f4 Ra2+ 43. Kd3 Rfa8 44. Ng5 R8a3+ 45. Ke4 Re2 46. Ke5 Raxe3+
47. Kf6 Rxg3 {erreur de notation} 1-0

[Event "TOP 20"]
[Site "Comite Loire Echecs"]
[Date "2004.10.16"]
[Round "2.10"]
[White "Desassis, Jean-Francois"]
[Black "Carrot, Patrick"]
[Result "0-1"]
[WhiteElo "1620"]
[BlackElo "1840"]
[PlyCount "70"]
[EventDate "2004.??.??"]

1. d4 d5 2. Nf3 Nf6 3. e3 Bg4 4. Bd3 e6 5. O-O a6 6. b3 c5 7. Bb2 Nc6 8. Nbd2
cxd4 9. exd4 Nb4 10. Be2 Rc8 11. c4 dxc4 12. Nxc4 Be7 13. Nce5 Bh5 14. a3 Nc6
15. Rc1 Qd6 16. Qd3 O-O 17. Qe3 Nd5 18. Qe4 f6 19. Bd3 f5 20. Qe1 Bf6 21. Nc4
Qe7 22. a4 Bxf3 23. gxf3 Nxd4 24. Bxd4 Bxd4 25. Ne3 Nf4 26. Qd2 Qf6 27. Nxf5
Qg5+ 28. Ng3 Nh3+ 29. Kg2 Qxd2 30. Rfd1 Nf4+ 31. Kg1 Qb4 32. Bc4 b5 33. axb5
axb5 34. Rxd4 bxc4 35. Rcd1 Qxb3 0-1

[Event "TOP 20"]
[Site "Comite Loire Echecs"]
[Date "2004.11.27"]
[Round "3.1"]
[White "Bruel, Bruno"]
[Black "Cizeron, Frederic"]
[Result "0-1"]
[WhiteElo "1840"]
[BlackElo "2114"]
[PlyCount "50"]
[EventDate "2004.??.??"]

1. d4 d5 2. c4 c6 3. Nf3 Nf6 4. cxd5 cxd5 5. Nc3 Nc6 6. Bf4 Qb6 7. Na4 Qa5+ 8.
Nc3 Bf5 9. a3 e6 10. e3 Be7 11. Bb5 O-O 12. O-O Rfc8 13. b4 Qb6 14. Bxc6 Qxc6
15. Rc1 Qe8 16. Ne5 Nd7 17. Qa4 Nxe5 18. Qxe8+ Rxe8 19. Bxe5 Bd3 20. Rfd1 Bc4
21. Rd2 f6 22. Bg3 a5 23. Na4 axb4 24. Nb6 bxa3 25. Nxc4 Rec8 0-1

[Event "TOP 20"]
[Site "Comite Loire Echecs"]
[Date "2004.11.27"]
[Round "3.2"]
[White "Valet, Godeffroy"]
[Black "Deville, Olivier"]
[Result "1/2-1/2"]
[WhiteElo "2048"]
[BlackElo "2044"]
[PlyCount "75"]
[EventDate "2004.??.??"]

1. e4 c5 2. Nf3 e6 3. d4 cxd4 4. Nxd4 Nc6 5. Nc3 Qc7 6. Be3 a6 7. Be2 Nf6 8.
O-O Bb4 9. Na4 Be7 10. Nxc6 bxc6 11. f3 Rb8 12. b3 d5 13. Nc5 Qa5 14. Nd3 dxe4
15. fxe4 O-O 16. e5 Nd7 17. Bd2 Qc7 18. Qe1 Nxe5 19. Qg3 Bd6 20. Bf4 f6 21. Bh5
Kh8 22. Bxe5 fxe5 23. Rxf8+ Bxf8 24. Nxe5 Qa7+ 25. Kh1 g6 26. Nxc6 Qg7 27. Rf1
Rb7 28. Qe5 Qxe5 29. Nxe5 Bg7 30. Be2 Bxe5 31. Rf8+ Kg7 32. Rxc8 a5 33. Rc5 Bc7
34. Rc6 e5 35. h3 Bb6 36. c3 Be3 37. Rd6 Rf7 38. Rd3 1/2-1/2

[Event "TOP 20"]
[Site "Comite Loire Echecs"]
[Date "2004.11.27"]
[Round "3.3"]
[White "Cursoux, Gerard"]
[Black "Garon, Pierre"]
[Result "1-0"]
[WhiteElo "2020"]
[BlackElo "1974"]
[PlyCount "56"]
[EventDate "2004.??.??"]

1. e4 Nf6 2. e5 Nd5 3. c4 Nb6 4. d4 d6 5. f4 dxe5 6. fxe5 Bf5 7. Nf3 e6 8. Nc3
Bb4 9. Be3 Nc6 10. Be2 O-O 11. O-O Bxc3 12. bxc3 Na5 13. c5 Nd5 14. Bd2 Nc6 15.
c4 Nde7 16. Bc3 Qd7 17. Qd2 Rfd8 18. Rac1 h6 19. Bd3 Bg4 20. Be4 Bf5 21. Bxf5
Nxf5 22. d5 Qe8 23. Qe2 Nb8 24. d6 h5 25. Nd4 Nxd4 26. Bxd4 Qc6 27. Qxh5 cxd6
28. Qxf7+ Kh8 1-0

[Event "TOP 20"]
[Site "Comite Loire Echecs"]
[Date "2004.11.27"]
[Round "3.4"]
[White "Carrot, Patrick"]
[Black "Poncet, Alain"]
[Result "0-1"]
[WhiteElo "1840"]
[BlackElo "1970"]
[PlyCount "46"]
[EventDate "2004.??.??"]

1. e4 e5 2. Nf3 Nc6 3. Bc4 Nf6 4. Ng5 d5 5. exd5 Na5 6. Bb5+ c6 7. dxc6 bxc6 8.
Qf3 Bb7 9. Ba4 Be7 10. O-O O-O 11. d3 Nd5 12. Qg3 Qb6 13. Qxe5 Bf6 14. Qe4 Bxg5
15. Bxg5 Qxb2 16. Nd2 Nc3 17. Qg4 f5 18. Qh4 f4 19. Ne4 Nxe4 20. Bb3+ Kh8 21.
dxe4 c5 22. Rae1 f3 23. gxf3 Bxe4 0-1

[Event "TOP 20"]
[Site "Comite Loire Echecs"]
[Date "2004.11.27"]
[Round "3.5"]
[White "Graillon, David"]
[Black "Bednar, Emile"]
[Result "1-0"]
[WhiteElo "1965"]
[BlackElo "1900"]
[PlyCount "127"]
[EventDate "2004.??.??"]

1. e4 Nc6 2. Nf3 e5 3. Bc4 Bc5 4. c3 d6 5. d4 exd4 6. cxd4 Bb4+ 7. Bd2 Bxd2+ 8.
Nbxd2 Nf6 9. h3 h6 10. O-O O-O 11. Re1 Nh7 12. Rc1 Ne7 13. Nh4 g5 14. Nhf3 Ng6
15. Nh2 Kg7 16. e5 d5 17. Bd3 c6 18. Bb1 Be6 19. Nb3 Re8 20. Nc5 Bc8 21. Ng4 h5
22. Ne3 Kh6 23. Nxb7 Qc7 24. Nd6 Nf6 25. Nxe8 Nxe8 26. Bxg6 fxg6 27. Nxd5 Qf7
28. Nc3 Ng7 29. Ne4 Bf5 30. Nd6 Qd7 31. Qf3 Rf8 32. Rxc6 Ne6 33. Qd5 Nf4 34.
Nxf5+ Qxf5 35. Qf3 Nxh3+ 36. Kh2 Nf4 37. Rf6 Rxf6 38. exf6 h4 39. g4 Qxf6 40.
Re4 Qd6 41. Kh1 Qc7 42. Re1 Qa5 43. Re8 Qb5 44. Re1 Qa5 45. Rc1 Qd2 46. Rd1 Qb4
47. Qa8 Kg7 48. Qxa7+ Kh6 49. Qa3 Qb7+ 50. f3 Kg7 51. Re1 Nd5 52. Qb3 Qc6 53.
a4 Qd6 54. Re5 Nf6 55. Qe3 Qc6 56. Rc5 Qb7 57. b3 Nxg4 58. Qe2 Kh6 59. d5 Nf6
60. Rc6 Nxd5 61. Qe5 Qf7 62. Qh8+ Qh7 63. Qxh7+ Kxh7 64. a5 1-0

[Event "TOP 20"]
[Site "Comite Loire Echecs"]
[Date "2004.11.27"]
[Round "3.6"]
[White "Pupier, Terry"]
[Black "Mujic, Saban"]
[Result "1-0"]
[WhiteElo "1930"]
[BlackElo "1880"]
[PlyCount "44"]
[EventDate "2004.??.??"]

1. e4 c5 2. Nf3 d6 3. d4 cxd4 4. Nxd4 Nf6 5. Nc3 a6 6. Be3 Nc6 7. f3 e5 8. Nb3
Be7 9. Qd2 O-O 10. O-O-O b5 11. g4 Na5 12. Nxa5 Qxa5 13. g5 Ne8 14. Nd5 Qxd2+
15. Bxd2 Bd8 16. Bb4 Be6 17. Be2 Rc8 18. a4 Bxd5 19. Rxd5 bxa4 20. Bxa6 Ra8 21.
Bb7 Ra5 22. Rhd1 a3 1-0

[Event "TOP 20"]
[Site "Comite Loire Echecs"]
[Date "2004.11.27"]
[Round "3.7"]
[White "Doran, Niall"]
[Black "Bellon, Yves"]
[Result "0-1"]
[WhiteElo "1770"]
[BlackElo "1920"]
[PlyCount "82"]
[EventDate "2004.??.??"]

1. e4 c5 2. c3 d5 3. exd5 Qxd5 4. Nf3 Bg4 5. Be2 Nc6 6. O-O e6 7. Na3 a6 8. Nc2
Nf6 9. d4 Rd8 10. Ne3 Qd7 11. Nxg4 Nxg4 12. h3 Nf6 13. Ne5 Qc7 14. Nxc6 Qxc6
15. Bf3 Qc7 16. Qb3 b5 17. dxc5 Bxc5 18. Bg5 Be7 19. a4 Qe5 20. Bxf6 gxf6 21.
Bc6+ Kf8 22. axb5 Bd6 23. g3 Rg8 24. c4 Bc5 25. Kg2 axb5 26. cxb5 Rd2 27. Ra8+
Kg7 28. Rxg8+ Kxg8 29. Qf3 Rxb2 30. Qg4+ Kf8 31. Qd1 Bd6 32. Qf3 h5 33. h4 Rb4
34. Qe3 Qxe3 35. fxe3 f5 36. Kf3 Rg4 37. Rg1 f4 38. exf4 Bxf4 39. Rg2 Bc7 40.
Rg1 f5 41. Kf2 Bb6+ 0-1

[Event "TOP 20"]
[Site "Comite Loire Echecs"]
[Date "2004.11.27"]
[Round "3.8"]
[White "Barnes, Pierrick"]
[Black "Boblin, Laurent"]
[Result "0-1"]
[WhiteElo "1830"]
[BlackElo "2040"]
[PlyCount "96"]
[EventDate "2004.??.??"]

1. d4 d5 2. Bf4 Nf6 3. Nf3 c6 4. e3 Bg4 5. h3 Bh5 6. Nbd2 e6 7. a3 Qb6 8. Rb1
c5 9. Be2 Nc6 10. dxc5 Bxc5 11. b4 Be7 12. O-O Bg6 13. b5 Na5 14. a4 Ne4 15.
Nxe4 Bxe4 16. Bd3 Bxd3 17. cxd3 O-O 18. Qd2 Rfc8 19. Rfc1 Qd8 20. Qb2 b6 21.
Nd2 Qf8 22. Qe5 Ba3 23. Rc7 Rxc7 24. Qxc7 Qc8 25. Nb3 Qxc7 26. Bxc7 Nb7 27. Ra1
Bd6 28. Bxd6 Nxd6 29. Rc1 Rc8 30. Rc6 Rxc6 31. bxc6 Kf8 32. f4 Ke7 33. Nd4 Kd8
34. g4 Kc7 35. f5 e5 36. Nf3 f6 37. d4 e4 38. Ne1 Kxc6 39. Kf2 a5 40. h4 h6 41.
Ng2 b5 42. axb5+ Kxb5 43. Ke1 Nc4 44. Kd1 a4 45. Kc2 Kb4 46. h5 a3 47. Kb1 Kb3
48. Ka1 a2 0-1